000
00203nam a22000977a 4500
082
_a
823
_b
HAY/A
100
_a
DR. H HAYAKAWA
245
_a
ALL ABOUT OUR BODIES
650
_a
ENGLISH SHORT STORY
942
_c
BK
999
_c
3448
_d
3448